CIL Programming: Under the Hood of .NET

Salvato in:
Dettagli Bibliografici
Autore principale: Bock, Jason (Autore)
Natura: Libro
Lingua:inglese
Pubblicazione: Berkeley : Apress, 2002
Tags: Aggiungi Tag
Nessun Tag, puoi essere il primo ad aggiungerne!!

MARC

LEADER 00000nam a22000003a 4500
001 stu262731
005 20150806113713.3
008 130215s2002----xxu-----------------eng-d
020 |a 1-59059-041-4 
040 |a STU  |b slo 
041 0 |a eng 
044 |a xxu 
100 1 |a Bock, Jason  |4 aut 
245 1 |a CIL Programming: Under the Hood of .NET 
260 |a Berkeley :  |b Apress,  |c 2002 
300 |a 340 s 
996 |b 284IK06834  |c I*16PJ5484  |l I  |s A  |a 24  |w stu262731_0001